00832nam a22002297a 4500003000500000005001700005008004100022010001000063011001000073035001000083040000900093100002400102245017800126260004000304300002000344502008100364650002500445650003900470650004500509650001900554650002900573CHAP20220329141110.0971013s1997 r 00010 d a62544 a63516 a67692 cCHAP00aRico Cerda, José. aVariación morfológica en Pinus radiata var. binata (Engelm.) Lemmon y Pinus radiata var. cedrosensis (Howell) Axelrod de Isla Guadalupe e Isla Cedros, B. C. N., México aChapingo, Méx. :bEl autor,c1997 a105 h.b: ilus. aTesis (Ing. Agr. Esp. en Bosques) -- UACH. División de Ciencias Forestales14aEcología forestal.14aPináceasxBaja California Norte.14aPináceasxFisiología y morfología.14aPinus radiata.14aVariación (Botánica)